| 000 | 00484nam a2200181Ia 4500 | ||
|---|---|---|---|
| 008 | 240925s9999 xx 000 0 und d | ||
| 020 | _a8176562807 | ||
| 082 | _a005.133 ALL | ||
| 100 | _aAllen, Mitch | ||
| 245 | 0 | _aHands on Java Beans | |
| 250 | _aNA | ||
| 260 |
_aNew Delhi: _bBPB Publication _c,2000. |
||
| 300 |
_axxiii,463p. _bNA _fOriginal |
||
| 500 | _aIncludes Index | ||
| 600 | _aComputer Science | ||
| 650 | _aComputer science, information & general works | ||
| 942 | _cBK | ||
| 999 |
_c7947 _d7947 |
||